| 000 | 00632nam a22001935i 4500 | ||
|---|---|---|---|
| 001 | 155269 | ||
| 003 | ES-MaACL | ||
| 005 | 20251014063220.0 | ||
| 008 | 040719s1876 po |||| | por d | ||
| 080 | _a821.134.3-31"18" | ||
| 100 | 1 |
_aHerculano, Alexandre, _d1810-1877 _962677 |
|
| 245 | 1 | 2 |
_aO Monasticon. _nI, _pEurico o Presbytero / _cpor A. Herculano. |
| 246 | 3 | _aEurico o Presbytero | |
| 250 | _a7ª ed. | ||
| 260 |
_aLisboa : _bViuva Bertrand & C., _c1876 ( _fImp. Nacional) |
||
| 300 |
_a1 v. (X, 322, [2] p.) ; _c16 cm. |
||
| 852 |
_aES-MaACL _jG-8680 _z- Enc. pasta española |
||
| 999 |
_c155269 _d155269 |
||